| 000 | 00498nam a2200157Ia 4500 | ||
|---|---|---|---|
| 008 | 231217s9999 xx 000 0 und d | ||
| 020 | _a8178810417 | ||
| 041 | _aEnglish | ||
| 082 | _a332.1 GAN;1 R | ||
| 100 | _aGanesan, Senthil ed. | ||
| 245 | 0 | _aCase studies banking and financial services : Citicorp, ICICI, JP Morgan, Merrill Lynch | |
| 260 |
_c2002 _bIcfai _aHyderabad |
||
| 300 | _axxxi, 164+A15 | ||
| 650 | _astudies,financial,Citicorp,,ICICI,,JP,Morgan,,Merrill,Lynch | ||
| 942 | _cAA | ||
| 999 |
_c187072 _d187072 |
||